Controversial Countries by Recognition - Statistics

General Stats
  • This quiz has been taken 152 times
    95 since last reset
  • The average score is 10 of 14
Answer Stats
Unrecognized by: Recognized by: Answer % Correct
North Korea China, India, USA, 190 more South Korea
95%
PRC, India, USA, 177 more Belize, Guatemala, Haiti, 10 more China (Republic of)
92%
USA, Mexico, Japan, 52 more China, India, Indonesia, 134 more Palestine
84%
Indonesia, Pakistan, Bangladesh, 25 more China, India, USA, 165 more Israel
81%
Turkey, (Non-UN) TRNC China, India, USA, 189 more Cyprus
78%
China, India, Indonesia, 93 more USA, Pakistan, Bangladesh, 94 more Kosovo
71%
China, India, USA, 189 more Turkey Turkish Republic of Northern Cyprus
66%
Japan, France, South Korea, 1 more China, India, USA, 186 more North Korea
65%
China, India, USA, 184 more Russia, Venezuela, Syria, 3 more Abkhazia
61%
Guatemala, Honduras, Haiti, 12 more China, India, USA, 175 more China (People's Republic of)
61%
China, India, USA, 185 more Russia, Venezuela, Syria, 2 more South Ossetia
61%
Pakistan China, India, USA, 189 more Armenia
53%
China, India, USA, 190 more (All non-UN) Abkhazia, South Ossetia Transnistria
49%
China, India, USA, 147 more Nigeria, Mexico, Ethiopia, 40 more Sahrawi Arab Democratic Republic
46%
No matching quizzes found
Score Distribution
Percent of People with Each Score
Percentile by Number Answered
Your Score History
You have not taken this quiz since the last reset